000 00410nam a2200145Ia 4500
008 220204s9999 xx 000 0 und d
020 _a0471395900
082 _a57:37.015.2
_bPRU
100 _aPruitt, Nancy L
245 0 _aBioinquiry learning system 1.0: Making connections in biology
260 _aNew York
_bJohn WIley & Sons
_c2000
650 _aBiodiversity
650 _aMolecular biology
942 _cBK
999 _c42355
_d42355